Cómo educar en valores?: vida familiar
Сохранить в:
| Главный автор: | |
|---|---|
| Формат: | |
| Язык: | испанский |
| Опубликовано: |
Bogotá
Instituto Misionero Hijas de San Pablo
2004
|
| Редактирование: | 1a. ed |
| Серии: | Colección Familia
|
| Предметы: | |
| Метки: |
Добавить метку
Нет меток, Требуется 1-ая метка записи!
|
MARC
| LEADER | 00000nam a2200000 a 4500 | ||
|---|---|---|---|
| 001 | UCJ9410 | ||
| 003 | CL-VaPUC | ||
| 008 | 070316e20040000CK |||||||||||||||||spa|d | ||
| 020 | |a 9586691438 | ||
| 082 | 0 | 4 | |a 370.114 |b DUQ |2 21 |
| 100 | 0 | |a Duque Yepes, Hernando |e author |9 519397 | |
| 245 | 1 | 0 | |a Cómo educar en valores?: vida familiar |
| 250 | |a 1a. ed | ||
| 300 | |a 95 p | ||
| 942 | |c BK | ||
| 945 | |d 20070316 00:00:00 |a cmena | ||
| 260 | |a Bogotá |b Instituto Misionero Hijas de San Pablo |c 2004 | ||
| 650 | 0 | |a Educación moral |9 308319 | |
| 650 | 0 | |a Vida familiar |9 308049 | |
| 650 | 0 | |a Métodos de enseñanza |9 270413 | |
| 650 | 7 | |a ROL DE LOS PADRES |2 CL-VaPUC |9 338980 | |
| 583 | |a last modification |c 20070316 00:00:00 |k Rodrigo Vera | ||
| 490 | 0 | |a Colección Familia | |
| 999 | |c 324937 |d 324935 | ||
| 952 | |0 0 |1 2 |4 0 |6 370_114000000000000_DUQ_2004 |7 0 |8 A |9 405334 |a BIBTEO |b BIBTEO |d 2019-11-22 |i 4295307 |o 370.114 DUQ 2004 |p 4295307 |r 2019-11-22 |w 2019-11-22 |y BK |k ICR | ||
| 952 | |0 0 |1 0 |4 0 |6 370_114000000000000_DUQ_2004 |7 0 |8 A |9 405335 |a BIBTEO |b BIBTEO |d 2019-11-22 |i 4295315 |o 370.114 DUQ 2004 |p 4295315 |r 2025-01-17 |w 2019-11-22 |y BK |k ICR | ||